000 00524nam a2200193 a 4500
001 1758696066002
003 YourLibrary
005 20250924121300.0
008 250924s1996##################000#0#eng##
020 _a9780879694784
082 0 4 _a572.809
_bJUD
100 1 _aJudson, Horace Freeland,
_eauthor.
245 1 0 _aThe Eighth Day of Creation :
260 _bCold Spring Harbor Laboratory Press,
_c1996.
300 _a746 pages
650 0 _aMedical.
942 _cENGLISH
040 _aYourLibrary
_beng
_cYourLibrary
999 _c589285
_d589285